000 00630nam a2200193 i 4500
001 56179
003 ES-MaACL
005 20230906163313.0
007 t|
008 031003s1960 sp a |||| |dspa d
080 _a929:784.1(46)
100 1 _aDíaz de Quijano, Máximo.
_944247
245 1 0 _aTonadilleras y cupletistas
_b: historia del cuplé /
_cMáximo Díaz de Quijano.
260 _aMadrid :
_bCultura Clásica y Moderna,
_c[1960 (
_fGráf. Tejario)])
300 _a240 p., 17 lám., 1 h. pleg. ;
_c26 cm.
650 4 _aTonadilleras y cancionetistas.
_9147839
650 4 _aCuplés.
_9157391
852 _aES-MaACL
_jC-19773
999 _c56179
_d56179